All countries by Total Fertility Rate (TFR) with a map - Statistics

General Stats
  • This quiz has been taken 121 times
  • The average score is 94 of 196
Answers on the Map
Answers color-coded by a green-red scale on the quiz's map according to % correct below.
 
Answer Stats
Answer TFR % Correct
Afghanistan 4.66
92%
Chad 5.94
92%
Democratic Republic of the Congo 5.90
92%
Mali 5.42
92%
Niger 5.79
89%
Central African Republic 5.81
86%
Somalia 5.91
86%
Tanzania 4.50
81%
Uganda 4.06
81%
Burundi 4.68
78%
Sudan 4.19
78%
Yemen 4.41
78%
Angola 4.95
76%
Cameroon 4.19
76%
Ghana 3.30
73%
Nigeria 4.30
73%
Benin 4.47
70%
Egypt 2.71
70%
Kenya 3.12
70%
Malawi 3.53
70%
Mauritania 4.56
70%
Mozambique 4.62
70%
South Sudan 3.71
70%
Togo 4.07
70%
Bangladesh 2.11
68%
Côte d'Ivoire 4.17
68%
Ethiopia 3.81
68%
Pakistan 3.50
68%
Republic of the Congo 4.05
68%
Rwanda 3.59
68%
Zambia 3.97
68%
Bolivia 2.50
65%
Botswana 2.66
65%
Burkina Faso 4.01
65%
China 1.02
65%
Djibouti 2.59
65%
Gabon 3.54
65%
India 1.94
65%
Israel 2.75
65%
Japan 1.23
65%
Madagascar 3.85
65%
Namibia 3.17
65%
Senegal 3.71
65%
Sierra Leone 3.61
65%
South Korea 0.75
65%
Zimbabwe 3.62
65%
Algeria 2.67
62%
Eritrea 3.61
62%
Gambia 3.80
62%
Guinea 4.04
62%
Guinea-Bissau 3.68
62%
Iraq 3.17
62%
Liberia 3.79
62%
South Africa 2.19
62%
Taiwan 0.86
62%
Vanuatu 3.53
62%
Comoros 3.76
59%
Equatorial Guinea 4.04
59%
Kazakhstan 2.95
59%
Lesotho 2.64
59%
Paraguay 2.40
59%
Samoa 3.75
59%
São Tomé and Príncipe 3.53
59%
Tajikistan 2.99
59%
Turkmenistan 2.63
59%
Tuvalu 3.14
59%
Uzbekistan 3.45
59%
Cambodia 2.51
57%
Eswatini 2.68
57%
Guyana 2.37
57%
Jordan 2.57
57%
Singapore 0.96
57%
Syria 2.66
57%
Tonga 3.07
57%
Haiti 2.63
54%
Kiribati 3.09
54%
Kyrgyzstan 2.75
54%
Marshall Islands 2.82
54%
Micronesia 2.71
54%
Mongolia 2.59
54%
Morocco 1.98
54%
Nauru 3.25
54%
Papua New Guinea 3.03
54%
Seychelles 2.08
54%
Solomon Islands 3.47
54%
Suriname 2.21
54%
Tunisia 1.80
54%
Venezuela 2.06
54%
East Timor 2.56
51%
Ecuador 1.79
51%
Libya 2.25
51%
Peru 1.94
51%
Vietnam 1.88
51%
Chile 1.13
49%
Fiji 2.25
49%
Indonesia 2.10
49%
Laos 2.36
49%
Australia 1.64
46%
Brazil 1.60
46%
Iran 1.67
46%
Lebanon 2.21
46%
Mauritius 1.21
46%
Myanmar 2.08
46%
Philippines 1.88
46%
Saudi Arabia 2.29
46%
Thailand 1.20
46%
Argentina 1.51
43%
Guatemala 2.26
43%
Honduras 2.45
43%
New Zealand 1.65
43%
North Korea 1.77
43%
Oman 2.48
43%
Palau 1.86
43%
United Arab Emirates 1.21
43%
Colombia 1.62
41%
Dominican Republic 2.20
41%
Italy 1.20
41%
Nepal 1.94
41%
Nicaragua 2.18
41%
Panama 2.09
41%
Turkey 1.62
41%
Ukraine 1.00
41%
Bahrain 1.78
38%
Bulgaria 1.74
38%
Canada 1.33
38%
France 1.64
38%
Mexico 1.87
38%
Moldova 1.72
38%
Monaco 2.09
38%
Sri Lanka 1.94
38%
Uruguay 1.39
38%
Armenia 1.71
35%
Azerbaijan 1.67
35%
Brunei 1.71
35%
Cyprus 1.37
35%
Georgia 1.79
35%
Germany 1.46
35%
Malaysia 1.53
35%
Russia 1.47
35%
Spain 1.21
35%
United States 1.62
35%
Barbados 1.71
32%
Belize 2.01
32%
Cabo Verde 1.50
32%
Cuba 1.45
32%
El Salvador 1.75
32%
Maldives 1.55
32%
Malta 1.11
32%
Qatar 1.70
32%
Romania 1.71
32%
Saint Vincent and the Grenadines 1.75
32%
Sweden 1.44
32%
Bahamas 1.36
30%
Bhutan 1.44
30%
Greece 1.34
30%
Jamaica 1.34
30%
Kuwait 1.50
30%
Poland 1.31
30%
Portugal 1.52
30%
United Kingdom 1.54
30%
Antigua and Barbuda 1.58
27%
Austria 1.33
27%
Belarus 1.23
27%
Ireland 1.60
27%
Montenegro 1.80
27%
Norway 1.42
27%
Saint Lucia 1.38
27%
Vatican City 1.00
27%
Andorra 1.10
24%
Belgium 1.39
24%
Costa Rica 1.31
24%
Dominica 1.47
24%
Estonia 1.38
24%
Finland 1.30
24%
Grenada 1.46
24%
Hungary 1.50
24%
Iceland 1.50
24%
Liechtenstein 1.54
24%
Lithuania 1.22
24%
Luxembourg 1.40
24%
Netherlands 1.44
24%
Saint Kitts and Nevis 1.51
24%
Trinidad and Tobago 1.52
24%
Albania 1.33
22%
Bosnia and Herzegovina 1.50
22%
Czech Republic 1.47
22%
Denmark 1.52
22%
Latvia 1.35
22%
San Marino 1.16
22%
Slovakia 1.57
22%
Slovenia 1.58
22%
Switzerland 1.44
22%
Croatia 1.47
19%
Kosovo 1.53
19%
North Macedonia 1.47
19%
Serbia 1.50
19%
No matching quizzes found
Score Distribution
Percent of People with Each Score
Percentile by Number Answered
Your Score History
You have not taken this quiz